[Event "IND-ch U15"]
[Site "Mumbai"]
[Date "2023.11.21"]
[Round "7"]
[White "Aditya, Shardul Kadam"]
[Black "Jewin, Jose Palayur"]
[Result "1-0"]
[WhiteElo "1242"]
[BlackElo "1070"]
[PlyCount "59"]
[EventDate "2023.11.15"]
[EventType "swiss"]
[EventRounds "7"]
[EventCountry "IND"]
[SourceTitle "CB49_2023"]
[SourceDate "2023.12.06"]
[SourceVersion "1"]
[SourceVersionDate "2023.12.06"]
[SourceQuality "1"]

1. e4 g6 2. d4 Bg7 3. Nf3 d6 4. Bc4 Nf6 5. Qe2 Bg4 6. e5 Ng8 7. Bxf7+ Kxf7 8. Ng5+ Ke8 9. Qxg4 Nh6 10. Qf3 Qc8 11. 0-0 Nc6 12. Qd5 Nf5 13. Ne6 h5 14. Na3 a6 15. Nxg7+ Nxg7 16. exd6 cxd6 17. Re1 Qf5 18. Qb3 Nxd4 19. Qxb7 Kf7 20. Rxe7+ Kf6 21. Rf7+ Ke6 22. Rxf5 Ngxf5 23. Bg5 Ne2+ 24. Kh1 Rhe8 25. Re1 Nfd4 26. c3 Kf5 27. Be3 Rab8 28. Qf7+ Ke5 29. Bxd4+ Ke4 30. Qf3# 1-0